| 000 -LEADER |
| fixed length control field |
01600 a2200349 4500 |
| 020 ## - INTERNATIONAL STANDARD BOOK NUMBER |
| International Standard Book Number |
3540229302 |
| 040 ## - CATALOGING SOURCE |
| Original cataloging agency |
DLC |
| Language of cataloging |
DLC |
| 100 1# - MAIN ENTRY--PERSONAL NAME |
| Personal name |
Nikravesh, Masoud. |
| 245 10 - TITLE STATEMENT |
| Title |
Soft Computing for Information Processing and Analysis |
| Medium |
[electronic resource] |
| Statement of responsibility, etc. |
edited by Masoud Nikravesh, Lotfi A. Zadeh, Janusz Kacprzyk. |
| 260 ## - PUBLICATION, DISTRIBUTION, ETC. |
| Place of publication, distribution, etc. |
Berlin, Heidelberg : |
| Name of publisher, distributor, etc. |
Springer-Verlag Berlin Heidelberg, |
| Date of publication, distribution, etc. |
2005. |
| 300 ## - PHYSICAL DESCRIPTION |
| Other physical details |
v.: digital |
| 440 #0 - SERIES STATEMENT/ADDED ENTRY--TITLE |
| Title |
Studies in Fuzziness and Soft Computing, |
| Volume/sequential designation |
164 |
| 650 #0 - SUBJECT ADDED ENTRY--TOPICAL TERM |
| Topical term or geographic name entry element |
Artificial intelligence |
| 650 #0 - SUBJECT ADDED ENTRY--TOPICAL TERM |
| Topical term or geographic name entry element |
Automation |
| 650 #0 - SUBJECT ADDED ENTRY--TOPICAL TERM |
| Topical term or geographic name entry element |
Engineering |
| 650 #0 - SUBJECT ADDED ENTRY--TOPICAL TERM |
| Topical term or geographic name entry element |
Engineering mathematics |
| 650 #0 - SUBJECT ADDED ENTRY--TOPICAL TERM |
| Topical term or geographic name entry element |
Information systems |
| 650 #0 - SUBJECT ADDED ENTRY--TOPICAL TERM |
| Topical term or geographic name entry element |
Mathematics |
| 650 #0 - SUBJECT ADDED ENTRY--TOPICAL TERM |
| Topical term or geographic name entry element |
Engineering |
| 650 #0 - SUBJECT ADDED ENTRY--TOPICAL TERM |
| Topical term or geographic name entry element |
Appl.Mathematics/Computational Methods of Engineering |
| 650 #0 - SUBJECT ADDED ENTRY--TOPICAL TERM |
| Topical term or geographic name entry element |
Artificial Intelligence (incl. Robotics) |
| 650 #0 - SUBJECT ADDED ENTRY--TOPICAL TERM |
| Topical term or geographic name entry element |
Automation and Robotics |
| 650 #0 - SUBJECT ADDED ENTRY--TOPICAL TERM |
| Topical term or geographic name entry element |
Information and Communication, Circuits |
| 650 #0 - SUBJECT ADDED ENTRY--TOPICAL TERM |
| Topical term or geographic name entry element |
Information Systems Applications (incl.Internet) |
| 700 1# - ADDED ENTRY--PERSONAL NAME |
| Personal name |
Kacprzyk, Janusz. |
| 700 1# - ADDED ENTRY--PERSONAL NAME |
| Personal name |
Zadeh, Lotfi A. |
| 710 2# - ADDED ENTRY--CORPORATE NAME |
| Corporate name or jurisdiction name as entry element |
SpringerLink (Online service) |
| 856 40 - ELECTRONIC LOCATION AND ACCESS |
| Uniform Resource Identifier |
<a href="http://www.lub.lu.se/cgi-bin/ipchk/http://dx.doi.org/10.1007/3-540-32365-1">http://www.lub.lu.se/cgi-bin/ipchk/http://dx.doi.org/10.1007/3-540-32365-1</a> |
| 856 40 - ELECTRONIC LOCATION AND ACCESS |
| Uniform Resource Identifier |
<a href="http://link.libris.kb.se/sfxumub?url_ver=Z39.88-2004&ctx_ver=Z39.88-2004&ctx_enc=info:ofi/enc:UTF-8&rfr_id=info:sid/sfxit.com:opac_856&url_ctx_fmt=info:ofi/fmt:kev:mtx:ctx&sfx.ignore_date_threshold=1&rft.object_id=1000000000231523&svc_val_fmt=info:ofi/fmt:kev:mtx:sch_svc&">http://link.libris.kb.se/sfxumub?url_ver=Z39.88-2004&ctx_ver=Z39.88-2004&ctx_enc=info:ofi/enc:UTF-8&rfr_id=info:sid/sfxit.com:opac_856&url_ctx_fmt=info:ofi/fmt:kev:mtx:ctx&sfx.ignore_date_threshold=1&rft.object_id=1000000000231523&svc_val_fmt=info:ofi/fmt:kev:mtx:sch_svc&</a> |
| 856 40 - ELECTRONIC LOCATION AND ACCESS |
| Uniform Resource Identifier |
<a href="http://ezproxy.its.uu.se/login?url=http://dx.doi.org/10.1007/3-540-32365-1">http://ezproxy.its.uu.se/login?url=http://dx.doi.org/10.1007/3-540-32365-1</a> |
| 942 ## - ADDED ENTRY ELEMENTS (KOHA) |
| Koha item type |
Book |
| Call number prefix |
006.3 NIK |
| Source of classification or shelving scheme |
|